[Event "GER-chT U14"]
[Site "Regensburg"]
[Date "2014.12.30"]
[Round "7.3"]
[White "Joebges, Nico"]
[Black "Liebelt, Jonas"]
[Result "1-0"]
[WhiteElo "1448"]
[BlackElo "1326"]
[PlyCount "145"]
[EventDate "2014.12.27"]
[EventType "team-swiss"]
[EventRounds "7"]
[EventCountry "GER"]
[SourceTitle "EXT 2018"]
[Source "ChessBase"]
[SourceDate "2017.10.13"]
[SourceVersion "1"]
[SourceVersionDate "2017.10.13"]
[SourceQuality "1"]
[WhiteTeam "Muenchen Tarrasch"]
[BlackTeam "Porta Westfalica"]
[WhiteTeamCountry "GER"]
[BlackTeamCountry "GER"]

1. e4 c5 2. Nf3 Nc6 3. Bb5 g6 4. 0-0 Bg7 5. c3 e6 6. d3 Nge7 7. Be3 d6 8. Nbd2 0-0 9. Bxc6 Nxc6 10. Qc2 Bd7 11. Rfe1 Qc7 12. Rac1 Rac8 13. Bf4 Rfd8 14. Nb3 Be8 15. Nxc5 Qb6 16. Nb3 Na5 17. Nxa5 Qxa5 18. Qd2 a6 19. Ra1 b5 20. Be3 Rd7 21. Bd4 Bf8 22. Qe3 Qc7 23. Qd2 Re7 24. Bf6 Rd7 25. Rad1 Be7 26. Bxe7 Rxe7 27. Re3 b4 28. Ree1 bxc3 29. Qxc3 Qxc3 30. bxc3 Rb7 31. Re2 Bb5 32. Rb2 Rbc7 33. c4 Bd7 34. Rb6 Rc6 35. Rxc6 Rxc6 36. Rb1 a5 37. Rb7 Be8 38. Kf1 h6 39. Ra7 Rc5 40. Ke2 a4 41. a3 Rc8 42. Rb7 Kg7 43. Nd4 Kf6 44. Nb5 Ke5 45. Ke3 Bxb5 46. Rxb5+ Kf6 47. Ra5 Ke7 48. Rxa4 Kd8 49. Ra7 Ke8 50. a4 Rb8 51. Ra5 Kd8 52. Rb5 Ra8 53. a5 Kc7 54. e5 Ra6 55. exd6+ Rxd6 56. Rb2 Ra6 57. Ra2 Kc6 58. Kd4 f6 59. f4 Kd6 60. c5+ Kc6 61. Kc4 h5 62. d4 h4 63. Re2 Kd7 64. Kb5 Ra8 65. a6 Rb8+ 66. Kc4 Ra8 67. Ra2 Kc6 68. a7 Kc7 69. Kb5 Kb7 70. Ra6 Rd8 71. a8Q+ Rxa8 72. Rxa8 Kxa8 73. Kc6 1-0

[Event "GER-chT U14"]
[Site "Regensburg"]
[Date "2014.12.29"]
[Round "6.3"]
[White "Liebelt, Jonas"]
[Black "Fortenbacher, Dominic"]
[Result "1/2-1/2"]
[WhiteElo "1326"]
[BlackElo "1484"]
[PlyCount "83"]
[EventDate "2014.12.27"]
[EventType "team-swiss"]
[EventRounds "7"]
[EventCountry "GER"]
[SourceTitle "EXT 2016"]
[Source "ChessBase"]
[SourceDate "2015.10.08"]
[SourceVersion "1"]
[SourceVersionDate "2015.10.08"]
[SourceQuality "1"]
[WhiteTeam "Porta Westfalica"]
[BlackTeam "Guetersloh"]
[WhiteTeamCountry "GER"]
[BlackTeamCountry "GER"]

1. e4 e5 2. Nf3 Nc6 3. Bb5 a6 4. Ba4 b5 5. Bb3 Bc5 6. 0-0 Nf6 7. Re1 0-0 8. c3 d6 9. d4 exd4 10. cxd4 Bb4 11. Bd2 Bxd2 12. Nbxd2 h6 13. Nf1 Bg4 14. d5 Ne5 15. Ng3 Nh7 16. h3 Bxf3 17. gxf3 Ng5 18. Re3 Nxh3+ 19. Kg2 Nf4+ 20. Kg1 Qh4 21. Qf1 Neg6 22. Rc1 Nh3+ 23. Kh2 Nxf2+ 24. Kg2 Nf4+ 25. Kxf2 Qh2+ 26. Ke1 Ng2+ 27. Ke2 Nxe3+ 28. Kxe3 Qxg3 29. Rxc7 Qg5+ 30. Kd3 Rac8 31. Ra7 Ra8 32. Rc7 Rfc8 33. Rd7 Qe5 34. Qg2 Qe8 35. Rxd6 Kh7 36. Kd4 Qe7 37. e5 Re8 38. Bc2+ Kh8 39. f4 f6 40. Qe4 fxe5+ 41. fxe5 Qa7+ 42. Kd3 1/2-1/2

[Event "GER-chT U14"]
[Site "Regensburg"]
[Date "2014.12.28"]
[Round "4.3"]
[White "Liebelt, Jonas"]
[Black "Baureis, Julian"]
[Result "0-1"]
[WhiteElo "1326"]
[BlackElo "1358"]
[PlyCount "110"]
[EventDate "2014.12.27"]
[EventType "team-swiss"]
[EventRounds "7"]
[EventCountry "GER"]
[SourceTitle "EXT 2016"]
[Source "ChessBase"]
[SourceDate "2015.10.08"]
[SourceVersion "1"]
[SourceVersionDate "2015.10.08"]
[SourceQuality "1"]
[WhiteTeam "Porta Westfalica"]
[BlackTeam "Walldorf"]
[WhiteTeamCountry "GER"]
[BlackTeamCountry "GER"]

1. e4 c5 2. c3 d5 3. exd5 Qxd5 4. d4 cxd4 5. cxd4 Nc6 6. Nf3 Bg4 7. Nc3 Qd7 8. d5 Bxf3 9. gxf3 Rd8 10. dxc6 Qxd1+ 11. Nxd1 bxc6 12. Bg2 Nf6 13. f4 Nd5 14. 0-0 e6 15. a3 Bd6 16. f5 0-0 17. Ne3 Bc5 18. b4 Bb6 19. Kh1 Bd4 20. Rb1 Rfe8 21. Bd2 Bxe3 22. Bxe3 Nxe3 23. fxe3 exf5 24. Rfe1 Rd6 25. Rbc1 Rc8 26. Red1 Re6 27. Bxc6 Rxe3 28. a4 g6 29. Kg2 Rb3 30. b5 Ra3 31. Ra1 Re3 32. Re1 Rd3 33. Re8+ Rxe8 34. Bxe8 g5 35. Rb1 Ra3 36. b6 axb6 37. Rxb6 Kf8 38. Bb5 f4 39. Rd6 g4 40. Rd3 Ra2+ 41. Kf1 f3 42. Rd5 Rxh2 43. Kg1 Rg2+ 44. Kh1 g3 45. Rd3 Rh2+ 46. Kg1 f2+ 47. Kf1 Rh1+ 48. Ke2 f1Q+ 49. Ke3 Qf2+ 50. Ke4 Rh4+ 51. Kd5 g2 52. Kc6 g1Q 53. Rd8+ Kg7 54. Rd5 Qb6+ 55. Kd7 Qg4+ 0-1

[Event "GER-chT U14"]
[Site "Regensburg"]
[Date "2014.12.28"]
[Round "3.3"]
[White "Pommerenke, Kayonzo"]
[Black "Liebelt, Jonas"]
[Result "1/2-1/2"]
[WhiteElo "1491"]
[BlackElo "1326"]
[PlyCount "62"]
[EventDate "2014.12.27"]
[EventType "team-swiss"]
[EventRounds "7"]
[EventCountry "GER"]
[SourceTitle "EXT 2018"]
[Source "ChessBase"]
[SourceDate "2017.10.13"]
[SourceVersion "1"]
[SourceVersionDate "2017.10.13"]
[SourceQuality "1"]
[WhiteTeam "Luebeck"]
[BlackTeam "Porta Westfalica"]
[WhiteTeamCountry "GER"]
[BlackTeamCountry "GER"]

1. e4 c5 2. Nf3 Nc6 3. Bb5 g6 4. d4 cxd4 5. Nxd4 Bg7 6. c3 Nf6 7. Nd2 0-0 8. 0-0 d5 9. Nxc6 bxc6 10. Bxc6 Rb8 11. exd5 Nxd5 12. Nf3 Nf6 13. Qc2 Bf5 14. Qd2 Qc7 15. Ba4 Rfd8 16. Qe2 Bd3 17. Qe1 Qc4 18. Bb3 Qc7 19. g3 Qb7 20. Bxf7+ Kxf7 21. Ng5+ Ke8 22. Qe6 Qd5 23. Re1 Bf8 24. b3 Qxe6 25. Nxe6 Rd7 26. Bg5 Kf7 27. Rad1 Bb5 28. Rxd7 Bxd7 29. Nc5 Bf5 30. Rd1 Rc8 31. b4 Bg7 1/2-1/2

[Event "GER-chT U14"]
[Site "Regensburg"]
[Date "2014.12.27"]
[Round "1.3"]
[White "Lellek, Lewin Louis"]
[Black "Liebelt, Jonas"]
[Result "0-1"]
[WhiteElo "1563"]
[BlackElo "1326"]
[PlyCount "68"]
[EventDate "2014.12.27"]
[EventType "team-swiss"]
[EventRounds "7"]
[EventCountry "GER"]
[SourceTitle "EXT 2016"]
[Source "ChessBase"]
[SourceDate "2015.10.08"]
[SourceVersion "1"]
[SourceVersionDate "2015.10.08"]
[SourceQuality "1"]
[WhiteTeam "Magdeburg Aufbau Elbe"]
[BlackTeam "Porta Westfalica"]
[WhiteTeamCountry "GER"]
[BlackTeamCountry "GER"]

1. e4 c5 2. Nf3 Nc6 3. d4 cxd4 4. Nxd4 g6 5. Nc3 Bg7 6. Be3 Nf6 7. Bc4 0-0 8. Bb3 d6 9. f3 Bd7 10. Qd2 Qa5 11. 0-0-0 Rfc8 12. h4 h5 13. Kb1 Ne5 14. Rdg1 Nc4 15. Bxc4 Rxc4 16. Nb3 Qa6 17. g4 Rac8 18. gxh5 Nxh5 19. Bd4 Bxd4 20. Nxd4 b5 21. Rg2 Qb6 22. Nb3 Be6 23. Nd5 Bxd5 24. Qxd5 Nf4 25. Rxg6+ Nxg6 26. h5 Ne5 27. Qd2 Kh7 28. Qf4 e6 29. Qf6 Rg8 30. f4 Rg1+ 31. Nc1 Rxh1 32. fxe5 Rxc1+ 33. Kxc1 Qe3+ 34. Kd1 Rd4# 0-1

[Event "GER-chT U14"]
[Site "Regensburg"]
[Date "2014.12.27"]
[Round "2.3"]
[White "Liebelt, Jonas"]
[Black "Tessier, Leo"]
[Result "0-1"]
[WhiteElo "1326"]
[BlackElo "1346"]
[PlyCount "146"]
[EventDate "2014.12.27"]
[EventType "team-swiss"]
[EventRounds "7"]
[EventCountry "GER"]
[SourceTitle "EXT 2016"]
[Source "ChessBase"]
[SourceDate "2015.10.08"]
[SourceVersion "1"]
[SourceVersionDate "2015.10.08"]
[SourceQuality "1"]
[WhiteTeam "Porta Westfalica"]
[BlackTeam "Frankfurt TV"]
[WhiteTeamCountry "GER"]
[BlackTeamCountry "GER"]

1. e4 e5 2. Nf3 Nc6 3. Bb5 Bc5 4. 0-0 d6 5. Re1 Nf6 6. c3 0-0 7. d4 exd4 8. cxd4 Bb6 9. Bg5 Bg4 10. Be2 Bxf3 11. Bxf3 Bxd4 12. Qd2 Qd7 13. Nc3 Ng4 14. Bh4 Bb6 15. Qf4 Nce5 16. Rad1 Nxf3+ 17. Qxf3 Ne5 18. Qe2 Ba5 19. Bg3 f6 20. Qc2 Qc6 21. Rd5 Bb6 22. Qb3 Qc4 23. Qc2 Bd4 24. Rd1 Bxc3 25. bxc3 a5 26. R1d4 Qc6 27. Qb3 Kh8 28. f4 Nd7 29. Bf2 Nc5 30. Qc2 Ne6 31. Rd1 Nxf4 32. Rf5 Ne6 33. Rh5 Ng5 34. Rh4 h6 35. Be3 Rae8 36. Rd5 Re5 37. c4 Rfe8 38. Bxg5 fxg5 39. Rxe5 Rxe5 40. Rg4 b5 41. Qf2 Qxc4 42. Qa7 Qc5+ 43. Qxc5 Rxc5 44. Rg3 Re5 45. Re3 d5 46. Rc3 Rxe4 47. Rxc7 Rc4 48. Rb7 Rc5 49. Kf2 Kh7 50. Ke3 Kg6 51. Kd4 Rc2 52. Kxd5 Rxg2 53. Rxb5 Rxa2 54. h3 Rh2 55. Rxa5 Rxh3 56. Ke4 Kh5 57. Ra7 g6 58. Ra2 g4 59. Rg2 Kg5 60. Ra2 h5 61. Ra5+ Kh4 62. Ra4 Rf3 63. Ra1 Kh3 64. Rb1 Kg2 65. Rb6 h4 66. Rxg6 g3 67. Rc6 Rf2 68. Rc1 h3 69. Ke3 h2 70. Kd3 h1Q 71. Rxh1 Kxh1 72. Ke3 Kh2 73. Kd3 g2 0-1

[Event "GER-chT U12"]
[Site "Verden"]
[Date "2012.12.29"]
[Round "5.4"]
[White "Liebelt, Jonas"]
[Black "Von Koslowski, Wilhelm"]
[Result "0-1"]
[WhiteElo "1190"]
[BlackElo "1281"]
[PlyCount "58"]
[EventDate "2012.12.27"]
[EventType "team-swiss"]
[EventRounds "7"]
[EventCountry "GER"]
[SourceTitle "EXT 2014"]
[Source "ChessBase"]
[SourceDate "2013.11.20"]
[SourceVersion "1"]
[SourceVersionDate "2013.11.20"]
[SourceQuality "1"]
[WhiteTeam "Holtrup Porta Westfalica"]
[BlackTeam "Coswig 1920"]
[WhiteTeamCountry "GER"]
[BlackTeamCountry "GER"]

1. e4 d5 2. exd5 Qxd5 3. Nc3 Qa5 4. d4 c6 5. Nf3 Bf5 6. Bd2 Qc7 7. Bc4 e6 8. Bb3 Nf6 9. Qe2 Be7 10. h3 Nbd7 11. Be3 0-0 12. 0-0-0 b5 13. Kb1 a5 14. a4 bxa4 15. Nxa4 Rfb8 16. Ba2 Nb6 17. Nc5 Bxc5 18. dxc5 Na4 19. Bc1 Nc3+ 20. Ka1 Nxe2 21. Nd4 Nxd4 22. Rxd4 Rd8 23. Bf4 e5 24. Bxe5 Qc8 25. Rf4 Rd1+ 26. Bb1 Bxc2 27. Bxf6 Rxb1+ 28. Ka2 Qe6+ 29. Ka3 Qb3# 0-1

[Event "GER-chT U12"]
[Site "Verden"]
[Date "2012.12.28"]
[Round "4.4"]
[White "Klein, Sebastian"]
[Black "Liebelt, Jonas"]
[Result "0-1"]
[WhiteElo "941"]
[BlackElo "1190"]
[PlyCount "101"]
[EventDate "2012.12.27"]
[EventType "team-swiss"]
[EventRounds "7"]
[EventCountry "GER"]
[SourceTitle "EXT 2014"]
[Source "ChessBase"]
[SourceDate "2013.11.20"]
[SourceVersion "1"]
[SourceVersionDate "2013.11.20"]
[SourceQuality "1"]
[WhiteTeam "Spaichingen"]
[BlackTeam "Holtrup Porta Westfalica"]
[WhiteTeamCountry "GER"]
[BlackTeamCountry "GER"]

1. e4 c5 2. Nc3 Nc6 3. d3 g6 4. g3 Bg7 5. Bg2 Nf6 6. h3 0-0 7. Nf3 d5 8. exd5 Nxd5 9. Nxd5 Qxd5 10. 0-0 Be6 11. Ng5 Qd7 12. Nxe6 Qxe6 13. c4 Rad8 14. Re1 Qd6 15. Be4 e6 16. Bf4 Qd7 17. Rb1 b6 18. Qa4 Nb4 19. Qxd7 Rxd7 20. Red1 Nxa2 21. Bc6 Rdd8 22. Bb5 Nb4 23. Bc7 Rxd3 24. Rxd3 Nxd3 25. b3 Ne5 26. Ra1 Ra8 27. Bxb6 Nf3+ 28. Kg2 Bxa1 29. Bxc5 Nd4 30. Bxd4 Bxd4 31. Kf3 Rb8 32. Ba4 f5 33. Ke2 a5 34. f4 e5 35. fxe5 Bxe5 36. g4 f4 37. c5 Rc8 38. c6 Kf7 39. Kf3 Ke7 40. Ke4 Kd6 41. h4 h6 42. Bb5 g5 43. hxg5 hxg5 44. Ba4 Bf6 45. Bb5 Kc7 46. Kf5 Bd8 47. Ba6 Rb8 48. Bb7 Rxb7 49. cxb7 f3 50. Ke4 f2 51. Kf5 0-1